Super 8 (Registo nº 1362)

Detalhes MARC
000 -Etiqueta do registo
Cabeçalho 00899nlm2a2200253 4500
005 - Identificador da versão
Campo de controlo 20240813121833.0
100 ## - Dados gerais de processamento
Dados gerais de processamento 20120223d2011 a y0pory5003 ba
102 ## - Pais de publicação ou produção
País de publicação Portugal
101 1# - Língua de publicação
Língua do texto, banda sonora, etc. Português
Língua do documento no original Inglês
115 ## - Campo de dados codificados: Projecções Visuais, Filmes e Vídeos
Dados modificados - geral ba
215 ## - Descrição física 
Indicação específica da natureza do documento e extensão da espécie 1 disco óptico DVD (107 min): cor; som
200 1# - Titulo e menção de responsabilidade
Título próprio Super 8
Primeira menção de responsabilidade real. J.J. Abrams
210 ## - Publicação, Distribuição, etc. 
Lugar da edição, distribuição, etc. Lisboa
Nome do editor, distribuidor, etc. Lusomundo Audiovisuais
Data da publicação, distribuição, etc. 2011
323 ## - Nota ao elenco (material de projecção e video de registos sonoros) 
Texto da nota Elenco: Elle Fanning, Amanda Michalka, Kyle Chandler
300 ## - Notas gerais 
Texto da nota idiomas: inglês, checo, húngaro, polaco
Texto da nota legendas: português; inglês; checo; crota; grego, hebraico, árabe, polaco, sérvio,
322 ## - Nota aos responsáveis artísticos e técnicos (material de projecção e video e registos sonoros) 
Texto da nota Produção: Steven Spielberg, J.J. Abrams, Bryan Burk; Música: Michael Giacchino; Montagem: Mary Jo Markey
333 ## - Nota relativa aos potenciais utilizadores
Texto da nota m/ 12 anos
701 #1 - Nome de autor-pessoa física (co-responsabilidade principal)
Palavra de ordem Spielberg
Outra parte do nome não tomada para palavra de ordem Steven
Código de função Produtor
700 #1 - Nome de autor-pessoa física (responsabilidade principal)
Número de registo de entrada de autoridade 0001912
Palavra de ordem Abrams
Outra parte do nome não tomada para palavra de ordem J.J.
966 ## - Identificação da Biblioteca
Sigla NUMETECA
942 ## - Elementos de entrada adicionados (Koha)
Tipo de item no Koha Livro
Exemplares
Situação do levantamento Origin of item (home branch) (coded) Biblioteca de empréstimo Código de barras Cota Circulation type (not for loan) Tipo de documento Nota do exemplar Damaged status
  Biblioteca Escolar Eng. Nuno Mergulhão Biblioteca Escolar Eng. Nuno Mergulhão BENM3215 | 2011 F SUP   DVD Sem mensagem